MLB Silver Slugger Award Winners (2000-2025) - Statistics

General Stats
  • This quiz has been taken 102 times
    74 since last reset
  • The average score is 291 of 474
Answer Stats
League Year Position Team Answer % Correct
AL 2010 SS CHW Alexei Ramirez
93%
AL 2014 SS CHW Alexei Ramirez
93%
NL 2011 3B CHC Aramis Ramirez
93%
NL 2008 SS FLA Hanley Ramirez
93%
NL 2009 SS FLA Hanley Ramirez
93%
AL 2017 3B CLE Jose Ramirez
93%
AL 2018 3B CLE Jose Ramirez
93%
AL 2020 3B CLE Jose Ramirez
93%
AL 2022 3B CLE Jose Ramirez
93%
AL 2024 3B CLE Jose Ramirez
93%
AL 2025 3B CLE José Ramírez
93%
AL 2000 OF CLE Manny Ramirez
93%
AL 2001 OF BOS Manny Ramirez
93%
AL 2002 DH BOS Manny Ramirez
93%
AL 2003 OF BOS Manny Ramirez
93%
AL 2004 OF BOS Manny Ramirez
93%
AL 2005 OF BOS Manny Ramirez
93%
AL 2006 OF BOS Manny Ramirez
93%
AL 2017 OF NYY Aaron Judge
90%
AL 2021 OF NYY Aaron Judge
90%
AL 2022 OF NYY Aaron Judge
90%
AL 2024 OF NYY Aaron Judge
90%
AL 2025 OF NYY Aaron Judge
90%
AL 2000 SS SEA Alex Rodriguez
90%
AL 2001 SS TEX Alex Rodriguez
90%
AL 2002 SS TEX Alex Rodriguez
90%
AL 2003 SS TEX Alex Rodriguez
90%
AL 2005 3B NYY Alex Rodriguez
90%
AL 2007 3B NYY Alex Rodriguez
90%
AL 2008 3B NYY Alex Rodriguez
90%
AL 2004 C DET Ivan Rodriguez
90%
AL 2022 OF SEA Julio Rodriguez
90%
AL 2023 OF SEA Julio Rodriguez
90%
AL 2012 OF LAA Mike Trout
88%
AL 2013 OF LAA Mike Trout
88%
AL 2014 OF LAA Mike Trout
88%
AL 2015 OF LAA Mike Trout
88%
AL 2016 OF LAA Mike Trout
88%
AL 2018 OF LAA Mike Trout
88%
AL 2019 OF LAA Mike Trout
88%
AL 2020 OF LAA Mike Trout
88%
AL 2022 OF LAA Mike Trout
88%
AL 2004 OF ANA Vladimir Guerrero
88%
AL 2005 OF LAA Vladimir Guerrero
88%
AL 2006 OF LAA Vladimir Guerrero
88%
AL 2007 OF LAA Vladimir Guerrero
88%
AL 2010 DH TEX Vladimir Guerrero
88%
NL 2000 OF MON Vladimir Guerrero
88%
NL 2002 OF MON Vladimir Guerrero
88%
AL 2021 1B TOR Vladimir Guerrero Jr.
88%
AL 2024 1B TOR Vladimir Guerrero Jr.
88%
AL 2017 OF HOU George Springer
85%
AL 2019 OF HOU George Springer
85%
AL 2025 DH TOR George Springer
85%
AL 2014 2B HOU Jose Altuve
85%
AL 2015 2B HOU Jose Altuve
85%
AL 2016 2B HOU Jose Altuve
85%
AL 2017 2B HOU Jose Altuve
85%
AL 2018 2B HOU Jose Altuve
85%
AL 2022 2B HOU Jose Altuve
85%
AL 2024 2B HOU Jose Altuve
85%
AL 2024 OF NYY Juan Soto
85%
NL 2020 OF WSN Juan Soto
85%
NL 2021 OF WSN Juan Soto
85%
NL 2022 OF WSN/SDP Juan Soto
85%
NL 2023 OF SDP Juan Soto
85%
NL 2025 OF NYM Juan Soto
85%
AL 2010 1B DET Miguel Cabrera
85%
AL 2012 3B DET Miguel Cabrera
85%
AL 2013 3B DET Miguel Cabrera
85%
AL 2015 1B DET Miguel Cabrera
85%
AL 2016 1B DET Miguel Cabrera
85%
NL 2005 OF FLA Miguel Cabrera
85%
NL 2006 3B FLA Miguel Cabrera
85%
AL 2011 SS CLE Asdrubal Cabrera
83%
AL 2006 SS NYY Derek Jeter
83%
AL 2007 SS NYY Derek Jeter
83%
AL 2008 SS NYY Derek Jeter
83%
AL 2009 SS NYY Derek Jeter
83%
AL 2012 SS NYY Derek Jeter
83%
NL 2020 3B SDP Manny Machado
83%
NL 2024 3B SDP Manny Machado
83%
NL 2025 3B SDP Manny Machado
83%
AL 2016 C KCR Salvador Perez
83%
AL 2018 C KCR Salvador Perez
83%
AL 2020 C KCR Salvador Perez
83%
AL 2021 C KCR Salvador Perez
83%
AL 2024 C KCR Salvador Perez
83%
NL 2015 OF WSN Bryce Harper
80%
NL 2021 OF PHI Bryce Harper
80%
NL 2023 DH PHI Bryce Harper
80%
NL 2024 1B PHI Bryce Harper
80%
NL 2012 C SFG Buster Posey
80%
NL 2014 C SFG Buster Posey
80%
NL 2015 C SFG Buster Posey
80%
NL 2017 C SFG Buster Posey
80%
NL 2021 C SFG Buster Posey
80%
AL 2001 DH SEA Edgar Martinez
80%
AL 2003 DH SEA Edgar Martinez
80%
NL 2014 OF MIA Giancarlo Stanton
80%
NL 2017 OF MIA Giancarlo Stanton
80%
AL 2021 DH LAA Shohei Ohtani
80%
AL 2023 DH LAA Shohei Ohtani
80%
NL 2024 DH LAD Shohei Ohtani
80%
NL 2025 DH LAD Shohei Ohtani
80%
AL 2009 DH TOR Adam Lind
78%
AL 2004 DH BOS David Ortiz
78%
AL 2005 DH BOS David Ortiz
78%
AL 2007 DH BOS David Ortiz
78%
AL 2011 DH BOS David Ortiz
78%
AL 2013 DH BOS David Ortiz
78%
AL 2016 DH BOS David Ortiz
78%
NL 2020 SS SDP Fernando Tatis Jr.
78%
NL 2021 SS SDP Fernando Tatis Jr.
78%
AL 2017 SS CLE Francisco Lindor
78%
AL 2018 SS CLE Francisco Lindor
78%
NL 2023 SS NYM Francisco Lindor
78%
NL 2024 SS NYM Francisco Lindor
78%
NL 2019 1B ATL Freddie Freeman
78%
NL 2020 1B ATL Freddie Freeman
78%
NL 2021 1B ATL Freddie Freeman
78%
AL 2016 OF BOS Mookie Betts
78%
AL 2018 OF BOS Mookie Betts
78%
AL 2019 OF BOS Mookie Betts
78%
NL 2020 OF LAD Mookie Betts
78%
NL 2022 OF LAD Mookie Betts
78%
NL 2023 OF LAD Mookie Betts
78%
NL 2024 UTIL LAD Mookie Betts
78%
NL 2013 1B ARI Paul Goldschmidt
78%
NL 2015 1B ARI Paul Goldschmidt
78%
NL 2017 1B ARI Paul Goldschmidt
78%
NL 2018 1B ARI Paul Goldschmidt
78%
NL 2022 1B STL Paul Goldschmidt
78%
NL 2025 1B NYM Pete Alonso
78%
AL 2013 OF BAL Adam Jones
76%
AL 2019 3B HOU Alex Bregman
76%
NL 2005 OF ATL Andruw Jones
76%
AL 2025 OF MIN Byron Buxton
76%
AL 2025 C SEA Cal Raleigh
76%
NL 2000 3B ATL Chipper Jones
76%
NL 2016 OF MIA Christian Yelich
76%
NL 2018 OF MIL Christian Yelich
76%
NL 2019 OF MIL Christian Yelich
76%
AL 2015 OF DET JD Martinez
76%
AL 2018 OF & DH BOS JD Martinez
76%
AL 2006 C MIN Joe Mauer
76%
AL 2008 C MIN Joe Mauer
76%
AL 2009 C MIN Joe Mauer
76%
AL 2010 C MIN Joe Mauer
76%
AL 2013 C MIN Joe Mauer
76%
AL 2000 C NYY Jorge Posada
76%
AL 2001 C NYY Jorge Posada
76%
AL 2003 C NYY Jorge Posada
76%
AL 2007 C NYY Jorge Posada
76%
NL 2022 DH WSN/SDP Josh Bell
76%
NL 2023 1B ATL Matt Olson
76%
AL 2025 1B ATH Nick Kurtz
76%
NL 2015 3B COL Nolan Arenado
76%
NL 2016 3B COL Nolan Arenado
76%
NL 2017 3B COL Nolan Arenado
76%
NL 2018 3B COL Nolan Arenado
76%
NL 2022 3B STL Nolan Arenado
76%
NL 2019 OF ATL Ronald Acuña Jr.
76%
NL 2020 OF ATL Ronald Acuña Jr.
76%
NL 2023 OF ATL Ronald Acuña Jr.
76%
NL 2007 C LAD Russell Martin
76%
AL 2004 C CLE Victor Martinez
76%
AL 2014 DH DET Victor Martinez
76%
NL 2000 OF SFG Barry Bonds
73%
NL 2001 OF SFG Barry Bonds
73%
NL 2002 OF SFG Barry Bonds
73%
NL 2003 OF SFG Barry Bonds
73%
NL 2004 OF SFG Barry Bonds
73%
AL 2024 SS KCR Bobby Witt Jr.
73%
AL 2025 SS KCR Bobby Witt Jr.
73%
AL 2023 SS TEX Corey Seager
73%
NL 2016 SS LAD Corey Seager
73%
NL 2017 SS LAD Corey Seager
73%
NL 2018 C MIA JT Realmuto
73%
NL 2019 C PHI JT Realmuto
73%
NL 2022 C PHI JT Realmuto
73%
AL 2023 OF HOU Kyle Tucker
73%
NL 2025 OF CHC Kyle Tucker
73%
AL 2022 DH HOU Yordan Alvarez
73%
AL 2011 1B BOS Adrian Gonzalez
71%
NL 2014 1B LAD Adrian Gonzalez
71%
AL 2013 1B BAL Chris Davis
71%
AL 2021 2B TOR Marcus Semien
71%
AL 2023 2B TEX Marcus Semien
71%
NL 2013 3B PIT Pedro Alvarez
71%
AL 2015 SS BOS Xander Bogaerts
71%
AL 2016 SS BOS Xander Bogaerts
71%
AL 2019 SS BOS Xander Bogaerts
71%
AL 2021 SS BOS Xander Bogaerts
71%
AL 2022 SS BOS Xander Bogaerts
71%
NL 2001 3B STL Albert Pujols
68%
NL 2003 OF STL Albert Pujols
68%
NL 2004 1B STL Albert Pujols
68%
NL 2008 1B STL Albert Pujols
68%
NL 2009 1B STL Albert Pujols
68%
NL 2010 1B STL Albert Pujols
68%
NL 2025 OF ARI Corbin Carroll
68%
AL 2001 OF SEA Ichiro Suzuki
68%
AL 2007 OF SEA Ichiro Suzuki
68%
AL 2009 OF SEA Ichiro Suzuki
68%
NL 2024 2B ARI Ketel Marte
68%
NL 2025 2B ARI Ketel Marte
68%
NL 2004 P MON Livan Hernandez
68%
AL 2021 3B BOS Rafael Devers
68%
AL 2023 3B BOS Rafael Devers
68%
AL 2006 2B NYY Robinson Cano
68%
AL 2010 2B NYY Robinson Cano
68%
AL 2011 2B NYY Robinson Cano
68%
AL 2012 2B NYY Robinson Cano
68%
AL 2013 2B NYY Robinson Cano
68%
AL 2020 OF TOR Teoscar Hernandez
68%
AL 2021 OF TOR Teoscar Hernandez
68%
NL 2024 OF LAD Teoscar Hernandez
68%
NL 2012 OF PIT Andrew McCutchen
66%
NL 2013 OF PIT Andrew McCutchen
66%
NL 2014 OF PIT Andrew McCutchen
66%
NL 2015 OF PIT Andrew McCutchen
66%
NL 2004 OF PHI Bobby Abreu
66%
NL 2010 OF COL Carlos Gonzalez
66%
NL 2015 OF COL Carlos Gonzalez
66%
AL 2002 OF ANA Garret Anderson
66%
AL 2003 OF ANA Garret Anderson
66%
AL 2017 C NYY Gary Sanchez
66%
NL 2018 2B CHC Javier Baez
66%
AL 2014 1B CHW Jose Abreu
66%
AL 2018 1B CHW Jose Abreu
66%
AL 2020 1B CHW Jose Abreu
66%
AL 2015 3B TOR Josh Donaldson
66%
AL 2016 3B TOR Josh Donaldson
66%
AL 2001 OF CLE Juan Gonzalez
66%
NL 2001 OF ARI Luis Gonzalez
66%
AL 2023 OF CHW Luis Robert
66%
AL 2015 OF SEA Nelson Cruz
66%
AL 2017 DH SEA Nelson Cruz
66%
AL 2019 DH MIN Nelson Cruz
66%
AL 2020 DH MIN Nelson Cruz
66%
NL 2002 3B PHI/STL Scott Rolen
66%
AL 2020 SS CHW Tim Anderson
66%
NL 2022 SS LAD Trea Turner
66%
NL 2023 C MIL William Contreras
66%
NL 2024 C MIL William Contreras
66%
AL 2010 3B BOS Adrian Beltre
63%
AL 2011 3B TEX Adrian Beltre
63%
AL 2014 3B TEX Adrian Beltre
63%
NL 2004 3B LAD Adrian Beltre
63%
AL 2022 C TOR Alejandro Kirk
63%
NL 2016 1B CHC Anthony Rizzo
63%
NL 2000 C NYM Mike Piazza
63%
NL 2001 C NYM Mike Piazza
63%
NL 2002 C NYM Mike Piazza
63%
NL 2013 C STL Yadier Molina
63%
NL 2021 3B ATL Austin Riley
61%
NL 2023 3B ATL Austin Riley
61%
NL 2006 2B PHI Chase Utley
61%
NL 2007 2B PHI Chase Utley
61%
NL 2008 2B PHI Chase Utley
61%
NL 2009 2B PHI Chase Utley
61%
NL 2019 OF LAD Cody Bellinger
61%
NL 2023 UTIL CHC Cody Bellinger
61%
NL 2016 2B WSN Daniel Murphy
61%
NL 2017 2B WSN Daniel Murphy
61%
AL 2000 DH CHW Frank Thomas
61%
AL 2025 2B NYY Jazz Chisholm Jr.
61%
AL 2008 OF TEX Josh Hamilton
61%
AL 2010 OF TEX Josh Hamilton
61%
AL 2012 OF TEX Josh Hamilton
61%
NL 2014 P SFG Madison Bumgarner
61%
NL 2015 P SFG Madison Bumgarner
61%
NL 2017 OF MIA Marcell Ozuna
61%
NL 2020 DH ATL Marcell Ozuna
61%
NL 2019 2B ATL Ozzie Albies
61%
NL 2021 2B ATL Ozzie Albies
61%
NL 2008 OF MIL Ryan Braun
61%
NL 2009 OF MIL Ryan Braun
61%
NL 2010 OF MIL Ryan Braun
61%
NL 2011 OF MIL Ryan Braun
61%
NL 2012 OF MIL Ryan Braun
61%
NL 2006 1B PHI Ryan Howard
61%
NL 2009 3B WSN Ryan Zimmerman
61%
NL 2010 3B WSN Ryan Zimmerman
61%
NL 2000 OF CHC Sammy Sosa
61%
NL 2001 OF CHC Sammy Sosa
61%
NL 2002 OF CHC Sammy Sosa
61%
NL 2000 1B COL Todd Helton
61%
NL 2001 1B COL Todd Helton
61%
NL 2002 1B COL Todd Helton
61%
NL 2003 1B COL Todd Helton
61%
NL 2018 SS COL Trevor Story
61%
NL 2019 SS COL Trevor Story
61%
NL 2015 SS SFG Brandon Crawford
59%
AL 2010 OF TBR Carl Crawford
59%
AL 2017 1B KCR Eric Hosmer
59%
AL 2023 UTIL BAL Gunnar Henderson
59%
AL 2022 1B TEX Nathaniel Lowe
59%
AL 2012 1B DET Prince Fielder
59%
NL 2007 1B MIL Prince Fielder
59%
NL 2011 1B MIL Prince Fielder
59%
AL 2025 OF DET Riley Greene
59%
NL 2010 SS COL Troy Tulowitzki
59%
NL 2011 SS COL Troy Tulowitzki
59%
AL 2023 1B TBR Yandy Diaz
59%
NL 2014 3B WSN Anthony Rendon
56%
NL 2019 3B WSN Anthony Rendon
56%
AL 2021 OF BAL Cedric Mullins
56%
NL 2016 OF COL Charlie Blackmon
56%
NL 2017 OF COL Charlie Blackmon
56%
NL 2007 3B NYM David Wright
56%
NL 2008 3B NYM David Wright
56%
AL 2008 2B BOS Dustin Pedroia
56%
AL 2001 1B OAK Jason Giambi
56%
AL 2002 1B NYY Jason Giambi
56%
AL 2010 OF TOR Jose Bautista
56%
AL 2011 OF TOR Jose Bautista
56%
AL 2014 OF TOR Jose Bautista
56%
NL 2022 OF PHI Kyle Schwarber
56%
AL 2004 1B TEX Mark Teixeira
56%
AL 2005 1B TEX Mark Teixeira
56%
AL 2009 1B NYY Mark Teixeira
56%
AL 2023 C BAL Adley Rutschman
54%
NL 2006 OF NYM Carlos Beltran
54%
NL 2007 OF NYM Carlos Beltran
54%
AL 2019 2B NYY DJ LeMahieu
54%
AL 2020 2B NYY DJ LeMahieu
54%
AL 2009 3B TBR Evan Longoria
54%
NL 2000 2B SFG Jeff Kent
54%
NL 2001 2B SFG Jeff Kent
54%
NL 2002 2B SFG Jeff Kent
54%
NL 2005 2B LAD Jeff Kent
54%
AL 2022 UTIL MIN Luis Arraez
54%
NL 2023 2B MIA Luis Arraez
54%
NL 2006 OF COL Matt Holliday
54%
NL 2007 OF COL Matt Holliday
54%
NL 2008 OF COL Matt Holliday
54%
NL 2010 OF STL Matt Holliday
54%
NL 2014 2B PIT Neil Walker
54%
AL 2002 OF NYY Bernie Williams
51%
NL 2022 2B NYM Jeff McNeil
51%
NL 2007 SS PHI Jimmy Rollins
51%
AL 2024 UTIL TEX Josh Smith
51%
AL 2006 1B MIN Justin Morneau
51%
AL 2008 1B MIN Justin Morneau
51%
NL 2017 P STL Adam Wainwright
49%
AL 2007 1B TBD Carlos Peña
49%
NL 2006 SS NYM Jose Reyes
49%
NL 2025 SS ARI Geraldo Perdomo
46%
NL 2013 2B STL Matt Carpenter
46%
NL 2009 OF LAD Matt Kemp
46%
NL 2011 OF LAD Matt Kemp
46%
NL 2021 P ATL Max Fried
46%
NL 2013 P LAD Zack Greinke
46%
NL 2019 P ARI Zack Greinke
46%
AL 2024 DH OAK Brett Rooker
44%
AL 2019 1B CLE Carlos Santana
44%
NL 2016 P CHC Jake Arrieta
44%
AL 2004 SS BAL Miguel Tejada
44%
AL 2005 SS BAL Miguel Tejada
44%
AL 2024 OF BAL Anthony Santander
41%
AL 2015 C NYY Brian McCann
41%
NL 2006 C ATL Brian McCann
41%
NL 2008 C ATL Brian McCann
41%
NL 2009 C ATL Brian McCann
41%
NL 2010 C ATL Brian McCann
41%
NL 2011 C ATL Brian McCann
41%
AL 2000 1B TOR Carlos Delgado
41%
AL 2003 1B TOR Carlos Delgado
41%
NL 2005 OF MIL Carlos Lee
41%
NL 2007 OF HOU Carlos Lee
41%
NL 2015 2B MIA Dee Gordon
41%
NL 2005 1B CHC Derrek Lee
41%
AL 2020 OF CHW Eloy Jimenez
41%
NL 2005 SS CIN Felipe Lopez
41%
NL 2024 OF SDP Jackson Merrill
41%
NL 2003 C ATL Javy Lopez
41%
AL 2006 OF CHW Jermaine Dye
41%
AL 2000 OF CHW Magglio Ordoñez
41%
AL 2002 OF CHW Magglio Ordoñez
41%
AL 2007 OF DET Magglio Ordoñez
41%
AL 2016 OF BAL Mark Trumbo
41%
AL 2014 OF CLE Michael Brantley
41%
AL 2001 2B SEA Bret Boone
39%
AL 2003 2B SEA Bret Boone
39%
AL 2005 C BOS Jason Varitek
39%
NL 2004 OF STL Jim Edmonds
39%
AL 2013 SS BAL JJ Hardy
39%
AL 2000 2B CLE Roberto Alomar
39%
AL 2009 OF LAA Torii Hunter
39%
AL 2013 OF DET Torii Hunter
39%
NL 2011 2B CIN Brandon Phillips
37%
AL 2011 OF BOS Jacoby Ellsbury
37%
NL 2021 OF CIN Nick Castellanos
37%
AL 2000 3B ANA Troy Glaus
37%
AL 2001 3B ANA Troy Glaus
37%
AL 2009 2B TOR Aaron Hill
34%
NL 2012 2B ARI Aaron Hill
34%
AL 2002 2B NYY Alfonso Soriano
34%
AL 2004 2B TEX Alfonso Soriano
34%
AL 2005 2B TEX Alfonso Soriano
34%
NL 2006 OF WSN Alfonso Soriano
34%
AL 2012 DH KCR Billy Butler
34%
NL 2006 P CHC Carlos Zambrano
34%
NL 2008 P CHC Carlos Zambrano
34%
NL 2009 P CHC Carlos Zambrano
34%
NL 2025 C COL Hunter Goodman
34%
AL 2017 OF LAA/DET Justin Upton
34%
NL 2011 OF ARI Justin Upton
34%
NL 2014 OF ATL Justin Upton
34%
AL 2004 3B BAL Melvin Mora
34%
NL 2018 OF ATL Nick Markakis
34%
NL 2016 OF NYM Yoenis Cespedes
34%
NL 2010 2B FLA Dan Uggla
32%
NL 2000 SS STL Edgar Renteria
32%
NL 2002 SS STL Edgar Renteria
32%
NL 2003 SS STL Edgar Renteria
32%
AL 2002 3B OAK Eric Chavez
32%
NL 2024 OF SDP Jurickson Profar
32%
NL 2000 P NYM Mike Hampton
32%
NL 2001 P COL Mike Hampton
32%
NL 2002 P COL Mike Hampton
32%
NL 2003 P ATL Mike Hampton
32%
NL 2003 3B FLA Mike Lowell
32%
NL 2012 P WSN Stephen Strasburg
32%
AL 2014 C CLE Yan Gomes
32%
AL 2008 OF CLE Grady Sizemore
29%
NL 2004 SS PIT Jack Wilson
29%
AL 2015 DH KCR Kendrys Morales
29%
AL 2025 UTIL DET Zach McKinstry
29%
AL 2000 OF ANA Darin Erstad
27%
AL 2004 OF NYY Gary Sheffield
27%
AL 2005 OF NYY Gary Sheffield
27%
NL 2003 OF ATL Gary Sheffield
27%
NL 2012 SS WSN Ian Desmond
27%
NL 2013 SS WSN Ian Desmond
27%
NL 2014 SS WSN Ian Desmond
27%
AL 2009 OF BOS Jason Bay
27%
NL 2020 C ATL Travis d'Arnaud
27%
AL 2003 OF TOR Vernon Wells
27%
NL 2009 OF LAD Andre Ethier
24%
NL 2012 3B SDP Chase Headley
24%
AL 2011 OF NYY Curtis Granderson
24%
NL 2012 OF CIN Jay Bruce
24%
NL 2013 OF CIN Jay Bruce
24%
NL 2003 2B MON Jose Vidro
24%
AL 2011 C DET Alex Avila
22%
NL 2018 P COL German Marquez
22%
AL 2003 3B BOS Bill Mueller
20%
AL 2006 3B CHW Joe Crede
20%
AL 2007 2B DET Placido Polanco
20%
NL 2016 C WSN Wilson Ramos
20%
AL 2012 C CHW AJ Pierzynski
17%
NL 2018 OF ARI David Peralta
17%
NL 2001 SS SFG Rich Aurilia
17%
NL 2012 1B WSN Adam LaRoche
15%
NL 2025 UTIL STL Alec Burleson
15%
NL 2004 2B SDP Mark Loretta
15%
NL 2005 C CHC Michael Barrett
15%
NL 2013 OF COL Michael Cuddyer
15%
AL 2019 C MIN Mitch Garver
15%
NL 2004 C ATL Johnny Estrada
12%
NL 2005 3B HOU Morgan Ensberg
12%
NL 2011 P ARI Daniel Hudson
10%
AL 2012 OF MIN Josh Willingham
10%
NL 2010 P MIL Yovani Gallardo
10%
AL 2008 DH BAL Aubrey Huff
7%
AL 2008 OF CHW Carlos Quentin
7%
NL 2007 P ARI Micah Owings
7%
NL 2008 OF STL Ryan Ludwick
7%
NL 2022 UTIL CIN/SDP Brandon Drury
5%
NL 2020 2B SFG Donovan Solano
5%
NL 2005 P STL Jason Marquis
2%
No matching quizzes found
Score Distribution
Percent of People with Each Score
Percentile by Number Answered
Your Score History
You have not taken this quiz since the last reset